000 00314nam a22001457a 4500
008 210309b ||||| |||| 00| 0 eng d
020 _a2901308190371
041 _aeng
080 _a339.138
082 _a339.138
100 _a60
101 _aMAR
245 _aPrinciples of Marketing
_cOSU
942 _2udc
_cBK
999 _c56067
_d56067